| 000 -LEADER |
| fixed length control field |
03132cam a22003618i 4500 |
| 001 - CONTROL NUMBER |
| control field |
21543392 |
| 005 - DATE AND TIME OF LATEST TRANSACTION |
| control field |
20230314123908.0 |
| 008 - FIXED-LENGTH DATA ELEMENTS--GENERAL INFORMATION |
| fixed length control field |
200516s2020 nju 001 0 eng |
| 010 ## - LIBRARY OF CONGRESS CONTROL NUMBER |
| LC control number |
2020022305 |
| 020 ## - INTERNATIONAL STANDARD BOOK NUMBER |
| International Standard Book Number |
9781119584537 |
| 020 ## - INTERNATIONAL STANDARD BOOK NUMBER |
| Canceled/invalid ISBN |
9781119584513 |
| 020 ## - INTERNATIONAL STANDARD BOOK NUMBER |
| Canceled/invalid ISBN |
9781119584551 |
| 040 ## - CATALOGING SOURCE |
| Original cataloging agency |
LBSOR/DLC |
| Language of cataloging |
eng |
| Description conventions |
rda |
| Transcribing agency |
DLC |
| 042 ## - AUTHENTICATION CODE |
| Authentication code |
pcc |
| 050 00 - LIBRARY OF CONGRESS CALL NUMBER |
| Classification number |
TK4058 |
| Item number |
.M5779 2020 |
| 082 00 - DEWEY DECIMAL CLASSIFICATION NUMBER |
| Classification number |
621.46 |
| Edition number |
23 |
| 100 1# - MAIN ENTRY--PERSONAL NAME |
| Personal name |
Mohan, Ned, |
| Relator term |
author. |
| 245 10 - TITLE STATEMENT |
| Title |
Analysis and control of electric drives : |
| Remainder of title |
simulations and laboratory implementation / |
| Statement of responsibility, etc. |
Ned Mohan, Siddharth Raju. |
| 260 ## - PUBLICATION, DISTRIBUTION, ETC. (IMPRINT) |
| Place of publication, distribution, etc. |
Hoboken, NJ. : |
| Name of publisher, distributor, etc. |
John Wiley & Sons, Inc., |
| Date of publication, distribution, etc. |
2021 |
| 263 ## - PROJECTED PUBLICATION DATE |
| Projected publication date |
2008 |
| 300 ## - PHYSICAL DESCRIPTION |
| Extent |
pages cm |
| 500 ## - GENERAL NOTE |
| General note |
Includes index. |
| 505 0# - FORMATTED CONTENTS NOTE |
| Formatted contents note |
Electric drives : introduction and motivation -- Understanding mechanical system requirements for electric drives -- Basic concepts in magnetics and electromechanical energy conversion -- Basic understanding of switch-mode power electronic converters -- Control in electric drives -- Using space vectors to analyze AC machines -- Space vector pulse-width-modulated (SV-PWM) inverters -- Sinusoidal permanent magnet AC (PMAC) drives in steady state -- Induction motors in sinusoidal steady state electric drives : introduction and motivation -- Induction-motor drives : speed control -- Induction machine equations in phase quantities : assisted by space vectors -- Dynamic analysis of induction machines in terms of dq-windings -- Mathematical description of vector control in induction machines -- Speed-sensorless vector control of induction motor -- Analysis of doubly-fed generators (DFIG) in steady-state and their vector control -- Direct torque control (DTC) and encoder-less operation of induction motor drives -- Vector control of permanent magnet synchronous motor drives -- Reluctance drives : stepper-motors and switched-reluctance drives. |
| 520 ## - SUMMARY, ETC. |
| Summary, etc. |
"Electric machines, particularly AC machines, consume over 40% of globally generated electric power. With rapid electrification of the transportation sector, to reduce emission of greenhouse gases, these machines are set to consume most of the power that is generated. Advancement in the field of power electronics has increased efficiency in controlling these machines via power-electronic converters, with improved performance and wide operating region compared to those connected directly to the grid. These advantages come with increased necessity for greater physical and mathematical understanding of these machines' operation to be able to produce optimal performance and efficiency"-- |
| 650 #0 - SUBJECT ADDED ENTRY--TOPICAL TERM |
| Topical term or geographic name as entry element |
Electric driving |
| General subdivision |
Mathematical models |
| Form subdivision |
Textbooks. |
| 650 #0 - SUBJECT ADDED ENTRY--TOPICAL TERM |
| Topical term or geographic name as entry element |
AC-to-AC converters |
| Form subdivision |
Textbooks. |
| 650 #0 - SUBJECT ADDED ENTRY--TOPICAL TERM |
| Topical term or geographic name as entry element |
Field orientation principle (Electrical engineering) |
| Form subdivision |
Textbooks. |
| 700 1# - ADDED ENTRY--PERSONAL NAME |
| Personal name |
Raju, Siddharth, |
| Relator term |
author. |
| 776 08 - ADDITIONAL PHYSICAL FORM ENTRY |
| Relationship information |
Online version: |
| Main entry heading |
Mohan, Ned. |
| Title |
Analysis and control of electric drives |
| Place, publisher, and date of publication |
Hoboken, NJ : Wiley, 2020 |
| International Standard Book Number |
9781119584513 |
| Record control number |
(DLC) 2020022306 |
| 906 ## - LOCAL DATA ELEMENT F, LDF (RLIN) |
| a |
7 |
| b |
cbc |
| c |
orignew |
| d |
1 |
| e |
ecip |
| f |
20 |
| g |
y-gencatlg |
| 942 ## - ADDED ENTRY ELEMENTS (KOHA) |
| Source of classification or shelving scheme |
|
| Koha item type |
Hard Covered Materials |
| Classification part |
TK4058 .M5779 2020 |